U-Bahn Frankfurt - Multiple Choice - Statistiken

Allgemein
  • Dieses Quiz wurde 30 mal gespielt
  • Das Durchschnittsergebnis liegt bei 258 aus 756
Antwortstatistiken
Frage Kachel Select % Korrekt
Bornheim Mitte Nein
92%
Bornheim Mitte Nein
92%
Bornheim Mitte Nein
88%
Bornheim Mitte Nein
88%
Bornheim Mitte Nein
84%
Bornheim Mitte Nein
84%
Bornheim Mitte Nein
84%
Bornheim Mitte Nein
72%
Nieder-Eschbach Nein
72%
Nieder-Eschbach Nein
72%
Nieder-Eschbach Nein
72%
Bornheim Mitte Ja
68%
Nieder-Eschbach Nein
68%
Nieder-Eschbach Nein
68%
Hausener Weg Nein
68%
Hausener Weg Nein
68%
Hausener Weg Nein
68%
Hausener Weg Nein
68%
Hausener Weg Nein
68%
Hausener Weg Nein
68%
Südbahnhof Nein
68%
Südbahnhof Nein
68%
Südbahnhof Nein
68%
Nieder-Eschbach Nein
64%
Hausener Weg Nein
64%
Südbahnhof Ja
64%
Südbahnhof Nein
64%
Südbahnhof Nein
64%
Nieder-Eschbach Nein
60%
Kruppstraße Nein
60%
Kruppstraße Nein
60%
Weißkirchen Ost Nein
60%
Weißkirchen Ost Nein
60%
Weißkirchen Ost Nein
60%
Kruppstraße Nein
56%
Kruppstraße Nein
56%
Kruppstraße Nein
56%
Südbahnhof Ja
56%
Südbahnhof Ja
56%
Weißkirchen Ost Nein
56%
Weißkirchen Ost Nein
56%
Weißkirchen Ost Nein
56%
Kruppstraße Nein
52%
Kruppstraße Nein
52%
Südbahnhof Ja
52%
Weißkirchen Ost Nein
52%
Weißkirchen Ost Nein
52%
Schweizer Platz Nein
52%
Schweizer Platz Nein
52%
Willy-Brandt-Platz Nein
52%
Westend Nein
52%
Westend Nein
52%
Westend Nein
52%
Westend Nein
52%
Westend Nein
52%
Dom/Römer Nein
52%
Nieder-Eschbach Ja
48%
Schweizer Platz Nein
48%
Schweizer Platz Nein
48%
Schweizer Platz Nein
48%
Westend Nein
48%
Westend Nein
48%
Westend Ja
48%
Dom/Römer Nein
48%
Dom/Römer Nein
48%
Dom/Römer Nein
48%
Dom/Römer Nein
48%
Ostbahnhof Nein
48%
Ostbahnhof Nein
48%
Ostbahnhof Nein
48%
Ostbahnhof Nein
48%
Ostbahnhof Nein
48%
Ostbahnhof Ja
48%
Ostbahnhof Nein
48%
Ostbahnhof Nein
48%
Ostbahnhof Nein
48%
Oberursel Bahnhof Nein
48%
Oberursel Bahnhof Nein
48%
Oberursel Bahnhof Nein
48%
Oberursel Bahnhof Nein
48%
Oberursel Bahnhof Nein
48%
Oberursel Altstadt Nein
48%
Oberursel Altstadt Nein
48%
Oberursel Altstadt Nein
48%
Oberursel Altstadt Nein
48%
Oberursel Altstadt Nein
48%
Heddernheimer Landstraße Nein
48%
Heddernheimer Landstraße Nein
48%
Heddernheimer Landstraße Nein
48%
Heddernheimer Landstraße Nein
48%
Heddernheimer Landstraße Nein
48%
Hauptwache Nein
48%
Hauptwache Nein
48%
Festhalle/Messe Nein
48%
Kupferhammer Nein
44%
Kupferhammer Nein
44%
Kupferhammer Nein
44%
Kupferhammer Nein
44%
Schweizer Platz Ja
44%
Willy-Brandt-Platz Ja
44%
Willy-Brandt-Platz Nein
44%
Willy-Brandt-Platz Nein
44%
Dom/Römer Ja
44%
Dom/Römer Nein
44%
Dom/Römer Nein
44%
Oberursel Bahnhof Nein
44%
Oberursel Bahnhof Nein
44%
Sandelmühle Nein
44%
Sandelmühle Nein
44%
Sandelmühle Nein
44%
Sandelmühle Nein
44%
Sandelmühle Nein
44%
Sandelmühle Nein
44%
Oberursel Altstadt Nein
44%
Oberursel Altstadt Nein
44%
Oberursel Altstadt Nein
44%
Heddernheimer Landstraße Ja
44%
Heddernheimer Landstraße Nein
44%
Heddernheimer Landstraße Nein
44%
Marbachweg/Sozialzentrum Nein
44%
Marbachweg/Sozialzentrum Nein
44%
Marbachweg/Sozialzentrum Nein
44%
Marbachweg/Sozialzentrum Ja
44%
Marbachweg/Sozialzentrum Nein
44%
Marbachweg/Sozialzentrum Nein
44%
Marbachweg/Sozialzentrum Nein
44%
Marbachweg/Sozialzentrum Nein
44%
Hauptwache Nein
44%
Hauptwache Ja
44%
Hauptwache Ja
44%
Festhalle/Messe Nein
44%
Festhalle/Messe Nein
44%
Festhalle/Messe Nein
44%
Festhalle/Messe Nein
44%
Festhalle/Messe Nein
44%
Festhalle/Messe Nein
44%
Industriehof Nein
44%
Industriehof Nein
44%
Industriehof Nein
44%
Industriehof Nein
44%
Industriehof Nein
44%
Industriehof Nein
44%
Eschenheimer Tor Nein
44%
Eschenheimer Tor Nein
44%
Eschenheimer Tor Nein
44%
Hausener Weg Ja
40%
Kupferhammer Nein
40%
Kupferhammer Nein
40%
Kupferhammer Nein
40%
Schweizer Platz Ja
40%
Schweizer Platz Ja
40%
Schweizer Platz Ja
40%
Willy-Brandt-Platz Ja
40%
Willy-Brandt-Platz Ja
40%
Willy-Brandt-Platz Ja
40%
Oberursel Bahnhof Ja
40%
Oberursel Bahnhof Nein
40%
Sandelmühle Nein
40%
Sandelmühle Nein
40%
Marbachweg/Sozialzentrum Nein
40%
Hauptwache Ja
40%
Festhalle/Messe Ja
40%
Festhalle/Messe Nein
40%
Wiesenau Nein
40%
Wiesenau Nein
40%
Wiesenau Ja
40%
Wiesenau Nein
40%
Wiesenau Nein
40%
Wiesenau Nein
40%
Wiesenau Nein
40%
Industriehof Nein
40%
Industriehof Ja
40%
Eschenheimer Tor Ja
40%
Eschenheimer Tor Nein
40%
Eschenheimer Tor Nein
40%
Hauptbahnhof Nein
40%
Hauptbahnhof Nein
40%
Hauptbahnhof Nein
40%
Hauptbahnhof Nein
40%
Hauptbahnhof Nein
40%
Feuerwehrstraße Nein
40%
Feuerwehrstraße Nein
40%
Feuerwehrstraße Nein
40%
Feuerwehrstraße Nein
40%
Feuerwehrstraße Nein
40%
Feuerwehrstraße Nein
40%
Bockenheimer Warte Nein
40%
Bockenheimer Warte Nein
40%
Bockenheimer Warte Nein
40%
Bockenheimer Warte Nein
40%
Bockenheimer Warte Nein
40%
Kruppstraße Ja
36%
Hausener Weg Nein
36%
Weißkirchen Ost Ja
36%
Kupferhammer Nein
36%
Willy-Brandt-Platz Ja
36%
Willy-Brandt-Platz Ja
36%
Westend Ja
36%
Dom/Römer Ja
36%
Sandelmühle Ja
36%
Oberursel Altstadt Ja
36%
Hauptwache Ja
36%
Hauptwache Ja
36%
Hauptwache Ja
36%
Industriehof Ja
36%
Eschenheimer Tor Ja
36%
Eschenheimer Tor Ja
36%
Bommersheim Nein
36%
Bommersheim Nein
36%
Bommersheim Nein
36%
Bommersheim Nein
36%
Bommersheim Nein
36%
Bommersheim Nein
36%
Bommersheim Nein
36%
Ober-Eschbach Nein
36%
Ober-Eschbach Nein
36%
Ober-Eschbach Nein
36%
Ober-Eschbach Nein
36%
Ober-Eschbach Nein
36%
Ober-Eschbach Nein
36%
Feuerwehrstraße Nein
36%
Konstablerwache Nein
36%
Konstablerwache Nein
36%
Konstablerwache Nein
36%
Konstablerwache Ja
36%
Konstablerwache Nein
36%
Konstablerwache Nein
36%
Römerstadt Nein
36%
Römerstadt Nein
36%
Römerstadt Nein
36%
Römerstadt Nein
36%
Römerstadt Nein
36%
Bockenheimer Warte Ja
36%
Bockenheimer Warte Nein
36%
Heerstraße Nein
36%
Heerstraße Nein
36%
Heerstraße Nein
36%
Heerstraße Nein
36%
Heerstraße Nein
36%
Heerstraße Nein
36%
Heerstraße Nein
36%
Friedhof Westhausen Nein
36%
Friedhof Westhausen Nein
36%
Friedhof Westhausen Nein
36%
Friedhof Westhausen Nein
36%
Friedhof Westhausen Nein
36%
Friedhof Westhausen Nein
36%
Friedhof Westhausen Nein
36%
Alte Oper Nein
36%
Alte Oper Nein
36%
Alte Oper Nein
36%
Alte Oper Nein
36%
Alte Oper Nein
36%
Nieder-Eschbach Nein
32%
Heddernheimer Landstraße Ja
32%
Eschenheimer Tor Ja
32%
Bommersheim Nein
32%
Bommersheim Ja
32%
Gonzenheim Nein
32%
Gonzenheim Ja
32%
Gonzenheim Nein
32%
Gonzenheim Nein
32%
Gonzenheim Nein
32%
Gonzenheim Nein
32%
Gonzenheim Nein
32%
Gonzenheim Nein
32%
Ober-Eschbach Ja
32%
Ober-Eschbach Nein
32%
Hauptbahnhof Ja
32%
Hauptbahnhof Nein
32%
Hauptbahnhof Nein
32%
Feuerwehrstraße Nein
32%
Fritz-Tarnow-Straße Ja
32%
Fritz-Tarnow-Straße Nein
32%
Fritz-Tarnow-Straße Nein
32%
Fritz-Tarnow-Straße Nein
32%
Fritz-Tarnow-Straße Nein
32%
Fritz-Tarnow-Straße Nein
32%
Konstablerwache Ja
32%
Römerstadt Ja
32%
Römerstadt Nein
32%
Römerstadt Nein
32%
Holzhausenstraße Ja
32%
Holzhausenstraße Nein
32%
Holzhausenstraße Nein
32%
Holzhausenstraße Nein
32%
Holzhausenstraße Nein
32%
Holzhausenstraße Nein
32%
Heerstraße Nein
32%
Heerstraße Ja
32%
Riedberg Nein
32%
Riedberg Nein
32%
Riedberg Nein
32%
Riedberg Nein
32%
Riedberg Nein
32%
Riedberg Nein
32%
Riedberg Nein
32%
Riedberg Ja
32%
Friedhof Westhausen Nein
32%
Friedhof Westhausen Ja
32%
Lindenbaum Ja
32%
Lindenbaum Nein
32%
Lindenbaum Nein
32%
Lindenbaum Nein
32%
Lindenbaum Nein
32%
Dornbusch Ja
32%
Dornbusch Nein
32%
Dornbusch Nein
32%
Dornbusch Nein
32%
Dornbusch Nein
32%
Dornbusch Nein
32%
Preungesheim Nein
32%
Preungesheim Nein
32%
Preungesheim Nein
32%
Preungesheim Nein
32%
Preungesheim Nein
32%
Preungesheim Nein
32%
Preungesheim Nein
32%
Alte Oper Nein
32%
Alte Oper Nein
32%
Alte Oper Ja
32%
Alte Oper Ja
32%
Leipziger Straße Nein
32%
Leipziger Straße Nein
32%
Leipziger Straße Nein
32%
Leipziger Straße Nein
32%
Leipziger Straße Nein
32%
Leipziger Straße Ja
32%
Leipziger Straße Nein
32%
Leipziger Straße Nein
32%
Stephan-Heise-Straße Nein
32%
Stephan-Heise-Straße Nein
32%
Stephan-Heise-Straße Nein
32%
Stephan-Heise-Straße Nein
32%
Stephan-Heise-Straße Nein
32%
Stephan-Heise-Straße Nein
32%
Enkheim Nein
32%
Enkheim Nein
32%
Enkheim Nein
32%
Enkheim Nein
32%
Enkheim Ja
32%
Enkheim Nein
32%
Enkheim Nein
32%
Heddernheim Ja
32%
Heddernheim Nein
32%
Heddernheim Nein
32%
Heddernheim Nein
32%
Heddernheim Nein
32%
Ginnheim Niddapark Ja
32%
Ginnheim Niddapark Nein
32%
Ginnheim Niddapark Nein
32%
Ginnheim Niddapark Nein
32%
Ginnheim Niddapark Nein
32%
Ginnheim Niddapark Nein
32%
Ginnheim Niddapark Nein
32%
Ginnheim Niddapark Nein
32%
Miquel-/Adickesallee/Polizeipräsidium Ja
32%
Miquel-/Adickesallee/Polizeipräsidium Nein
32%
Miquel-/Adickesallee/Polizeipräsidium Nein
32%
Miquel-/Adickesallee/Polizeipräsidium Nein
32%
Miquel-/Adickesallee/Polizeipräsidium Nein
32%
Miquel-/Adickesallee/Polizeipräsidium Nein
32%
Fischstein Nein
32%
Fischstein Nein
32%
Fischstein Nein
32%
Fischstein Nein
32%
Fischstein Nein
32%
Fischstein Ja
32%
Fischstein Nein
32%
Fischstein Nein
32%
Bonames Mitte Nein
32%
Bonames Mitte Nein
32%
Bonames Mitte Nein
32%
Bonames Mitte Nein
32%
Bonames Mitte Nein
32%
Bonames Mitte Nein
32%
Zoo Nein
32%
Zoo Nein
32%
Zoo Nein
32%
Zoo Nein
32%
Zoo Nein
32%
Zoo Ja
32%
Zoo Nein
32%
Zoo Nein
32%
Seckbacher Landstraße Nein
32%
Seckbacher Landstraße Nein
32%
Seckbacher Landstraße Nein
32%
Seckbacher Landstraße Nein
32%
Seckbacher Landstraße Nein
32%
Seckbacher Landstraße Nein
32%
Eissporthalle/Festplatz Nein
32%
Eissporthalle/Festplatz Nein
32%
Eissporthalle/Festplatz Nein
32%
Eissporthalle/Festplatz Nein
32%
Eissporthalle/Festplatz Nein
32%
Nordwestzentrum Nein
32%
Nordwestzentrum Nein
32%
Nordwestzentrum Nein
32%
Nordwestzentrum Nein
32%
Nordwestzentrum Nein
32%
Hausen Nein
32%
Hausen Nein
32%
Hausen Nein
32%
Hausen Nein
32%
Hausen Nein
32%
Hausen Nein
32%
Hausen Nein
32%
Hessen-Center Nein
32%
Hessen-Center Nein
32%
Hessen-Center Nein
32%
Hessen-Center Nein
32%
Hessen-Center Nein
32%
Hessen-Center Nein
32%
Hessen-Center Nein
32%
Kruppstraße Ja
28%
Gonzenheim Nein
28%
Ober-Eschbach Nein
28%
Hauptbahnhof Ja
28%
Feuerwehrstraße Ja
28%
Fritz-Tarnow-Straße Ja
28%
Fritz-Tarnow-Straße Ja
28%
Fritz-Tarnow-Straße Ja
28%
Konstablerwache Ja
28%
Konstablerwache Ja
28%
Römerstadt Ja
28%
Bockenheimer Warte Ja
28%
Bockenheimer Warte Ja
28%
Holzhausenstraße Ja
28%
Holzhausenstraße Ja
28%
Holzhausenstraße Ja
28%
Riedberg Ja
28%
Gwinnerstraße Nein
28%
Gwinnerstraße Nein
28%
Gwinnerstraße Nein
28%
Gwinnerstraße Nein
28%
Gwinnerstraße Nein
28%
Gwinnerstraße Nein
28%
Lahnstraße Nein
28%
Lahnstraße Nein
28%
Lahnstraße Nein
28%
Lahnstraße Nein
28%
Lindenbaum Ja
28%
Lindenbaum Ja
28%
Lindenbaum Nein
28%
Merianplatz Nein
28%
Merianplatz Nein
28%
Merianplatz Nein
28%
Merianplatz Nein
28%
Merianplatz Nein
28%
Merianplatz Nein
28%
Merianplatz Nein
28%
Dornbusch Ja
28%
Dornbusch Ja
28%
Dornbusch Ja
28%
Weißer Stein Ja
28%
Weißer Stein Ja
28%
Weißer Stein Ja
28%
Weißer Stein Nein
28%
Weißer Stein Nein
28%
Weißer Stein Nein
28%
Weißer Stein Nein
28%
Weißer Stein Ja
28%
Weißer Stein Nein
28%
Sigmund-Freud-Straße Nein
28%
Sigmund-Freud-Straße Nein
28%
Sigmund-Freud-Straße Nein
28%
Sigmund-Freud-Straße Nein
28%
Sigmund-Freud-Straße Ja
28%
Sigmund-Freud-Straße Nein
28%
Sigmund-Freud-Straße Nein
28%
Sigmund-Freud-Straße Nein
28%
Sigmund-Freud-Straße Nein
28%
Preungesheim Nein
28%
Preungesheim Ja
28%
Oberursel Stadtmitte Nein
28%
Oberursel Stadtmitte Nein
28%
Oberursel Stadtmitte Ja
28%
Oberursel Stadtmitte Nein
28%
Oberursel Stadtmitte Nein
28%
Oberursel Stadtmitte Nein
28%
Oberursel Stadtmitte Nein
28%
Oberursel Stadtmitte Nein
28%
Oberursel Stadtmitte Nein
28%
Ginnheim Mitte Ja
28%
Ginnheim Mitte Nein
28%
Ginnheim Mitte Nein
28%
Ginnheim Mitte Nein
28%
Ginnheim Mitte Nein
28%
Ginnheim Mitte Nein
28%
Ginnheim Mitte Nein
28%
Ginnheim Mitte Nein
28%
Habsburgerallee Nein
28%
Habsburgerallee Nein
28%
Habsburgerallee Nein
28%
Habsburgerallee Nein
28%
Habsburgerallee Nein
28%
Habsburgerallee Ja
28%
Habsburgerallee Nein
28%
Habsburgerallee Nein
28%
Leipziger Straße Ja
28%
Ronneburgstraße Nein
28%
Ronneburgstraße Nein
28%
Ronneburgstraße Nein
28%
Ronneburgstraße Nein
28%
Ronneburgstraße Ja
28%
Ronneburgstraße Nein
28%
Ronneburgstraße Nein
28%
Ronneburgstraße Nein
28%
Ronneburgstraße Nein
28%
Enkheim Nein
28%
Heddernheim Ja
28%
Heddernheim Ja
28%
Heddernheim Ja
28%
Heddernheim Nein
28%
Ginnheim Niddapark Ja
28%
Grüneburgweg Ja
28%
Grüneburgweg Ja
28%
Grüneburgweg Ja
28%
Grüneburgweg Nein
28%
Grüneburgweg Nein
28%
Grüneburgweg Nein
28%
Grüneburgweg Nein
28%
Grüneburgweg Ja
28%
Grüneburgweg Nein
28%
Miquel-/Adickesallee/Polizeipräsidium Ja
28%
Miquel-/Adickesallee/Polizeipräsidium Ja
28%
Miquel-/Adickesallee/Polizeipräsidium Ja
28%
Kirchplatz Nein
28%
Kirchplatz Nein
28%
Kirchplatz Nein
28%
Kirchplatz Nein
28%
Kirchplatz Nein
28%
Kirchplatz Ja
28%
Kirchplatz Ja
28%
Kirchplatz Nein
28%
Kirchplatz Nein
28%
Fischstein Nein
28%
Uni-Campus Riedberg Nein
28%
Uni-Campus Riedberg Nein
28%
Uni-Campus Riedberg Nein
28%
Uni-Campus Riedberg Nein
28%
Uni-Campus Riedberg Nein
28%
Uni-Campus Riedberg Nein
28%
Uni-Campus Riedberg Nein
28%
Uni-Campus Riedberg Ja
28%
Bonames Mitte Ja
28%
Bonames Mitte Nein
28%
Hohemark Nein
28%
Hohemark Nein
28%
Hohemark Ja
28%
Hohemark Nein
28%
Hohemark Nein
28%
Hohemark Nein
28%
Hohemark Nein
28%
Hohemark Nein
28%
Hohemark Nein
28%
Zoo Ja
28%
Seckbacher Landstraße Ja
28%
Seckbacher Landstraße Nein
28%
Seckbacher Landstraße Nein
28%
Zeilweg Nein
28%
Zeilweg Nein
28%
Zeilweg Nein
28%
Zeilweg Nein
28%
Eissporthalle/Festplatz Nein
28%
Eissporthalle/Festplatz Nein
28%
Eissporthalle/Festplatz Nein
28%
Eissporthalle/Festplatz Ja
28%
Waldlust Nein
28%
Waldlust Nein
28%
Waldlust Nein
28%
Waldlust Nein
28%
Waldlust Nein
28%
Waldlust Nein
28%
Waldlust Nein
28%
Niederursel Nein
28%
Niederursel Nein
28%
Niederursel Nein
28%
Niederursel Nein
28%
Niederursel Nein
28%
Nordwestzentrum Ja
28%
Nordwestzentrum Nein
28%
Nordwestzentrum Nein
28%
Nordwestzentrum Ja
28%
Hügelstraße Nein
28%
Hügelstraße Nein
28%
Hügelstraße Nein
28%
Kalbach Nein
28%
Kalbach Ja
28%
Kalbach Nein
28%
Kalbach Nein
28%
Kalbach Nein
28%
Kalbach Nein
28%
Kalbach Nein
28%
Kalbach Nein
28%
Riedwiese/Mertonviertel Nein
28%
Riedwiese/Mertonviertel Nein
28%
Riedwiese/Mertonviertel Nein
28%
Riedwiese/Mertonviertel Nein
28%
Riedwiese/Mertonviertel Nein
28%
Riedwiese/Mertonviertel Nein
28%
Riedwiese/Mertonviertel Nein
28%
Deutsche Nationalbibliothek Nein
28%
Deutsche Nationalbibliothek Nein
28%
Deutsche Nationalbibliothek Nein
28%
Deutsche Nationalbibliothek Nein
28%
Deutsche Nationalbibliothek Ja
28%
Deutsche Nationalbibliothek Nein
28%
Deutsche Nationalbibliothek Nein
28%
Deutsche Nationalbibliothek Nein
28%
Deutsche Nationalbibliothek Nein
28%
Johanna-Tesch-Platz Nein
28%
Johanna-Tesch-Platz Nein
28%
Johanna-Tesch-Platz Nein
28%
Johanna-Tesch-Platz Nein
28%
Johanna-Tesch-Platz Nein
28%
Johanna-Tesch-Platz Ja
28%
Johanna-Tesch-Platz Nein
28%
Johanna-Tesch-Platz Nein
28%
Hessen-Center Ja
28%
Hessen-Center Ja
28%
Kupferhammer Ja
24%
Wiesenau Ja
24%
Glöcknerwiese Nein
24%
Glöcknerwiese Nein
24%
Glöcknerwiese Nein
24%
Glöcknerwiese Nein
24%
Glöcknerwiese Nein
24%
Glöcknerwiese Nein
24%
Glöcknerwiese Nein
24%
Lahnstraße Nein
24%
Lahnstraße Nein
24%
Lahnstraße Nein
24%
Lahnstraße Nein
24%
Lindenbaum Ja
24%
Merianplatz Ja
24%
Merianplatz Nein
24%
Theobald-Ziegler-Straße Nein
24%
Theobald-Ziegler-Straße Nein
24%
Theobald-Ziegler-Straße Nein
24%
Theobald-Ziegler-Straße Nein
24%
Theobald-Ziegler-Straße Ja
24%
Theobald-Ziegler-Straße Nein
24%
Theobald-Ziegler-Straße Nein
24%
Theobald-Ziegler-Straße Nein
24%
Theobald-Ziegler-Straße Nein
24%
Ginnheim Mitte Ja
24%
Habsburgerallee Nein
24%
Parlamentsplatz Nein
24%
Parlamentsplatz Nein
24%
Parlamentsplatz Nein
24%
Parlamentsplatz Nein
24%
Parlamentsplatz Nein
24%
Parlamentsplatz Nein
24%
Parlamentsplatz Ja
24%
Parlamentsplatz Nein
24%
Parlamentsplatz Nein
24%
Schäfflestraße Nein
24%
Schäfflestraße Nein
24%
Schäfflestraße Nein
24%
Schäfflestraße Ja
24%
Schäfflestraße Nein
24%
Schäfflestraße Nein
24%
Schäfflestraße Nein
24%
Schäfflestraße Nein
24%
Hauptfriedhof Nein
24%
Hauptfriedhof Nein
24%
Hauptfriedhof Nein
24%
Hauptfriedhof Ja
24%
Hauptfriedhof Nein
24%
Hauptfriedhof Nein
24%
Hauptfriedhof Nein
24%
Hauptfriedhof Nein
24%
Stephan-Heise-Straße Ja
24%
Stephan-Heise-Straße Nein
24%
Stephan-Heise-Straße Nein
24%
Enkheim Ja
24%
Uni-Campus Riedberg Ja
24%
Rosengärtchen Nein
24%
Rosengärtchen Nein
24%
Rosengärtchen Nein
24%
Rosengärtchen Nein
24%
Rosengärtchen Nein
24%
Rosengärtchen Nein
24%
Rosengärtchen Nein
24%
Bonames Mitte Ja
24%
Glauburgstraße Nein
24%
Glauburgstraße Nein
24%
Glauburgstraße Nein
24%
Glauburgstraße Nein
24%
Glauburgstraße Ja
24%
Glauburgstraße Nein
24%
Glauburgstraße Nein
24%
Glauburgstraße Nein
24%
Glauburgstraße Nein
24%
Höhenstraße Nein
24%
Höhenstraße Nein
24%
Höhenstraße Nein
24%
Höhenstraße Ja
24%
Höhenstraße Nein
24%
Höhenstraße Nein
24%
Höhenstraße Nein
24%
Höhenstraße Nein
24%
Höhenstraße Nein
24%
Zeilweg Ja
24%
Zeilweg Nein
24%
Zeilweg Nein
24%
Waldlust Nein
24%
Waldlust Ja
24%
Niederursel Nein
24%
Niederursel Ja
24%
Niederursel Ja
24%
Hügelstraße Ja
24%
Hügelstraße Ja
24%
Hügelstraße Ja
24%
Hügelstraße Nein
24%
Hügelstraße Nein
24%
Hügelstraße Ja
24%
Musterschule Nein
24%
Musterschule Nein
24%
Musterschule Nein
24%
Musterschule Nein
24%
Musterschule Ja
24%
Musterschule Nein
24%
Musterschule Nein
24%
Musterschule Nein
24%
Musterschule Nein
24%
Große Nelkenstraße Nein
24%
Große Nelkenstraße Nein
24%
Große Nelkenstraße Nein
24%
Riedwiese/Mertonviertel Ja
24%
Riedwiese/Mertonviertel Nein
24%
Hausen Ja
24%
Hausen Nein
24%
Johanna-Tesch-Platz Nein
24%
Wiesenau Ja
20%
Glöcknerwiese Nein
20%
Glöcknerwiese Ja
20%
Gwinnerstraße Nein
20%
Gwinnerstraße Ja
20%
Hauptfriedhof Nein
20%
Rosengärtchen Nein
20%
Rosengärtchen Ja
20%
Zeilweg Ja
20%
Zeilweg Ja
20%
Kalbach Ja
20%
Große Nelkenstraße Nein
20%
Große Nelkenstraße Nein
20%
Große Nelkenstraße Nein
20%
Große Nelkenstraße Nein
20%
Große Nelkenstraße Nein
20%
Gwinnerstraße Ja
16%
Lahnstraße Ja
16%
Niederursel Ja
16%
Große Nelkenstraße Ja
16%
Schäfflestraße Nein
4%
Keine übereinstimmenden Quizze gefunden
Verteilung der Resultate
Anzahl Personen mit jedem Resultat
Perzentil nach korrekt beantworteten Fragen
Ihre Resultats-Entwicklung
Sie haben dieses Quiz noch nicht gespielt